000 00442nam a2200145Ia 4500
008 100122s9999 xx 000 0 und d
082 _b64802
_a823
100 _aसप्रे मधुवंती
245 _aस्त्रीजातक
260 _bशब्दरत्न प्रकाशन
_c2004
300 _a206
630 _aस्त्रीजातक
730 _aस्त्रीजातक
942 _cBOOK
999 _c438202
_d438199